Here you will find the least and most remembered NCAA College Team Names, as well as how your score stacks up against everyone else who took this quiz.

Think you can do better this time?
Play Again.
 
This NCAA Team Names Quiz has been taken 273,413 times (7 today).
Conference Team Name % Guessed Right
Atlantic CoastTigers
95.1%
Big 12Tigers
95.1%
SoutheasternTigers
95.1%
SoutheasternTigers
95.1%
Pacific-12Wildcats
94.3%
Big 12Wildcats
94.3%
Big EastWildcats
94.3%
Big TenWildcats
94.3%
SoutheasternWildcats
94.3%
Atlantic CoastBlue Devils
94%
Big 12Longhorns
92.2%
SoutheasternGators
92.1%
Pacific-12Ducks
91.5%
SoutheasternBulldogs
90.6%
SoutheasternBulldogs
90.6%
Big TenBuckeyes
90.3%
Atlantic CoastTar Heels
90.1%
Pacific-12Trojans
90%
Big EastFighting Irish
90%
Pacific-12Huskies
89.7%
Big EastHuskies
89.7%
Atlantic CoastHurricanes
88.9%
Big 12Bears
88.7%
Pacific-12Bruins
88.1%
Big 12Sooners
87.7%
Conference Team Name % Guessed Right
Pacific-12Cardinal
87.5%
Atlantic CoastSeminoles
87.4%
Big TenWolverines
87.2%
Big 12Jayhawks
87%
Big TenSpartans
86.7%
SoutheasternVolunteers
86.4%
Big EastOrange
86.1%
Big TenCornhuskers
86%
Atlantic CoastEagles
85.8%
Pacific-12Sun Devils
84.9%
Big TenBadgers
84.9%
Big TenBoilermakers
84.1%
SoutheasternCrimson Tide
82.7%
Atlantic CoastHokies
82.6%
Big EastCardinals
81.9%
Atlantic CoastYellow Jackets
81.8%
SoutheasternRazorbacks
81.8%
SoutheasternGamecocks
81.8%
Big TenHawkeyes
81.6%
Big TenHoosiers
81.4%
Atlantic CoastTerrapins
80.8%
Big EastBearcats
80.4%
Big TenNittany Lions
79.8%
Pacific-12Beavers
79.1%
Big TenFighting Illini
78%
Conference Team Name % Guessed Right
Big 12Aggies
77.8%
Big EastPanthers
77%
Big EastHoyas
77%
Big 12Cowboys
76%
Atlantic CoastDemon Deacons
75.2%
Big 12Red Raiders
74.7%
Big TenGolden Gophers
73.8%
Big EastMountaineers
73.1%
Atlantic CoastCavaliers
73%
Pacific-12Golden Bears
72.4%
Atlantic CoastWolfpack
72.1%
Pacific-12Buffaloes
69.4%
Big 12Cyclones
67.8%
Big EastBulls
65.1%
SoutheasternRebels
60.8%
Pacific-12Cougars
60.1%
Big EastScarlet Knights
58%
Big EastGolden Eagles
56.3%
SoutheasternCommodores
55.5%
Big EastFriars
50.6%
Big EastPirates
50.5%
Big EastRed Storm
48.8%
Big EastBlue Demons
43.7%
Pacific-12Utes
5.7%

How do you compare to other NCAA Team Names quiz takers?

Number % Answered
74 (all)
1.8%
69-73
39%
64-68
15.5%
59-63
10.1%
54-58
7%
49-53
5.3%
44-48
4.2%
39-43
3.4%
34-38
2.8%
29-33
2.4%
24-28
2.2%
19-23
1.8%
14-18
1.6%
9-13
1.4%
4-8
1%
1-3
0.5%

You might also like these games:
NCAA FBS Colleges   NCAA Div I Winning Streaks   NCAA Basketball 2011: St. Peter's College
There are 65 comments for this game.
(Warning: comments may contain spoilers)

NCAA Team Names Quiz

Rating:
Published: April 6th, 2008
Category: Sports
Plays: 273,413
Loading friend results....
Remember, Sporcle is now...

Part of the USA Today Sports Media Group